| 000 | 01122cam a2200337 4500 | ||
|---|---|---|---|
| 001 | zswift b1075036 | ||
| 003 | SIRSI | ||
| 005 | 20251205012421.0 | ||
| 008 | n |||xx 000 0 eng | ||
| 010 | _a 08842878 | ||
| 020 |
_a0808542028 _c15.95/8.68 [Ingram 5/05] |
||
| 020 |
_a0141304707 _c5.99 (Ing.) pbk. |
||
| 020 | _a9780141304700 | ||
| 020 | _a9780808542025 | ||
| 035 | _a(Sirsi) i9780808542025 | ||
| 035 | _zNO CTRL | ||
| 035 | _a(Sirsi) 3276 | ||
| 040 | _cndc | ||
| 100 | 1 | _aDahl, Roald. | |
| 245 | 1 | 4 |
_aThe wonderful story of Henry Sugar : _band six more / _cRoald Dahl. |
| 260 |
_aNew York : _bBantam, _cc1977. |
||
| 300 |
_a215 pages ; _c20 cm. |
||
| 336 |
_atext _btxt _2rdacontent. |
||
| 337 |
_aunmediated _bn _2rdamedia. |
||
| 338 |
_avolume _bnc _2rdacarrier. |
||
| 505 | 2 | _aThe boy who talked with animals.--The hitch-hiker.--The Mildenhall treasure.--The swan.--The wonderful story of Henry Sugar.--Lucky break.--A piece of cake. | |
| 526 | 8 |
_aAccelerated Reader AR _c5.7 _d10. |
|
| 655 | 7 |
_aShort stories _vJuvenile fiction. _2lcgft. |
|
| 907 | _a.b46922096x | ||
| 942 |
_2ddc _cBK |
||
| 999 |
_c31328 _d31326 |
||